00370nam a2200145Ia 4500008004100000084001300041100002700054245001900081250002000100260003000120260000900150260001500159300001500174500003500189180424s9999 xx 000 0 und d a814.4 E1 a"Emerson, Ralph Waldo" 0aSelected Prose a\\190000ENGGPSX aHolt Rinehart and Winston b1900 cCheltenham axxiii+485p aincludes index and biblioraphy